[Event "ESP-ch Veterans"]
[Site "Madrid"]
[Date "2010.02.15"]
[Round "6"]
[White "Gonzalez Cespedes, Manuel"]
[Black "Rodriguez Bachiller, Luis"]
[Result "1-0"]
[WhiteElo "1810"]
[BlackElo "1897"]
[PlyCount "115"]
[EventDate "2010.02.08"]
[EventType "swiss"]
[EventRounds "9"]
[EventCountry "ESP"]
[SourceTitle "CBM 134 Extra"]
[Source "ChessBase"]
[SourceDate "2010.03.03"]
[SourceVersion "1"]
[SourceVersionDate "2010.03.03"]
[SourceQuality "1"]

1. d4 Nf6 2. c4 g6 3. Nc3 Bg7 4. e4 d6 5. Nf3 0-0 6. Be2 e5 7. dxe5 dxe5 8. Qxd8 Rxd8 9. Bg5 c6 10. 0-0 Na6 11. a3 h6 12. Bxf6 Bxf6 13. Rad1 Be6 14. b4 Kf8 15. h3 Ke8 16. c5 Nc7 17. Rxd8+ Rxd8 18. Rd1 Rxd1+ 19. Bxd1 Bc4 20. Be2 Bxe2 21. Nxe2 a5 22. Nd2 axb4 23. axb4 Na6 24. Nc4 Be7 25. Na5 Nxb4 26. Nxb7 Nd3 27. Nc3 Bxc5 28. Nxc5 Nxc5 29. Kf1 Kd7 30. Ke2 f5 31. exf5 gxf5 32. g4 f4 33. f3 Ne6 34. h4 Nd4+ 35. Kf2 Ke6 36. Ne4 Kf7 37. h5 Ne6 38. Nd6+ Kf6 39. Nf5 c5 40. Nxh6 c4 41. Ng8+ Kg7 42. Ne7 c3 43. Ke2 Nd4+ 44. Kd3 c2 45. Kd2 Nxf3+ 46. Kxc2 Nh2 47. Nf5+ Kh7 48. g5 f3 49. Kd3 f2 50. Ng3 Ng4 51. Ke2 Kg7 52. Ne4 Kh7 53. Nxf2 Nh6 54. Ke3 Nf5+ 55. Kf3 Kg7 56. Nh1 Nh4+ 57. Ke4 Ng2 58. Ng3 1-0

[Event "Madrid-ch Seniors 0809"]
[Site "Madrid"]
[Date "2009.02.18"]
[Round "8"]
[White "Ramos Orea, Tomas"]
[Black "Gonzalez Cespedes, Manuel"]
[Result "1-0"]
[WhiteElo "1786"]
[BlackElo "1836"]
[PlyCount "57"]
[EventDate "2009.02.09"]
[EventType "swiss"]
[EventRounds "9"]
[EventCountry "ESP"]
[SourceTitle "CBM 128 Extra"]
[Source "ChessBase"]
[SourceDate "2009.03.05"]
[SourceVersion "2"]
[SourceVersionDate "2009.03.25"]
[SourceQuality "1"]

1. e4 e5 2. Nc3 Nc6 3. g3 Nf6 4. Bg2 d6 5. Nge2 Be7 6. 0-0 Be6 7. d3 Qd7 8. f4 Bh3 9. f5 Bxg2 10. Kxg2 h5 11. Ng1 0-0-0 12. a4 d5 13. exd5 Nxd5 14. Ne4 f6 15. Qe1 Nd4 16. Qf2 g5 17. c3 Nc6 18. b4 b6 19. a5 h4 20. axb6 axb6 21. g4 Nf4+ 22. Bxf4 exf4 23. d4 Qd5 24. Qf3 Kb7 25. Qd3 Kb8 26. Nf3 Qb3 27. Nfd2 Qd5 28. h3 Rde8 29. Qa6 1-0

[Event "Madrid-ch Seniors 0809"]
[Site "Madrid"]
[Date "2009.02.13"]
[Round "5"]
[White "Alfageme Sanchez, Jesus"]
[Black "Gonzalez Cespedes, Manuel"]
[Result "1/2-1/2"]
[WhiteElo "1876"]
[BlackElo "1836"]
[PlyCount "126"]
[EventDate "2009.02.09"]
[EventType "swiss"]
[EventRounds "9"]
[EventCountry "ESP"]
[SourceTitle "CBM 128 Extra"]
[Source "ChessBase"]
[SourceDate "2009.03.05"]
[SourceVersion "2"]
[SourceVersionDate "2009.03.25"]
[SourceQuality "1"]

1. e4 e5 2. Bc4 Bc5 3. Nf3 Nc6 4. c3 Nf6 5. 0-0 d6 6. d4 exd4 7. cxd4 Bb6 8. d5 Ne5 9. Nxe5 dxe5 10. Nc3 a6 11. Bg5 0-0 12. h3 Bc5 13. Bh4 Be7 14. Bg3 Bd6 15. Bd3 Nd7 16. Ne2 Nc5 17. Bc2 f5 18. f4 exf4 19. Bxf4 Nxe4 20. Bxe4 fxe4 21. Qd4 Qe7 22. Bxd6 Qxd6 23. Qxe4 Bd7 24. Nc3 Rae8 25. Qd3 Qc5+ 26. Kh1 b5 27. Rac1 Rxf1+ 28. Qxf1 Qe3 29. Nb1 Rf8 30. Qg1 Qxg1+ 31. Kxg1 Rc8 32. Nc3 c5 33. dxc6 Rxc6 34. Rd1 Be8 35. a3 Kf7 36. Ne4 h6 37. b4 a5 38. Nd6+ Ke7 39. Nxb5 axb4 40. axb4 Rb6 41. Nd4 Bd7 42. Rb1 Kd6 43. Kf2 Kd5 44. Ke3 g5 45. Nf3 Re6+ 46. Kf2 Bb5 47. Kg3 Re3 48. Re1 Rxe1 49. Nxe1 Kc4 50. Kg4 Be8 51. Kf5 Kxb4 52. Nf3 Kc5 53. Kf6 Bd7 54. Kg6 g4 55. hxg4 Bxg4 56. Kxh6 Kd5 57. Kg5 Bc8 58. Kf4 Ke6 59. Nd4+ Kf6 60. g3 Kg6 61. Nf3 Be6 62. Ng5 Bc8 63. Ne4 Bd7 1/2-1/2

[Event "Madrid-ch Seniors 0809"]
[Site "Madrid"]
[Date "2009.02.11"]
[Round "3"]
[White "Pardo Robles, Jose Manuel"]
[Black "Gonzalez Cespedes, Manuel"]
[Result "1-0"]
[WhiteElo "1946"]
[BlackElo "1836"]
[PlyCount "119"]
[EventDate "2009.02.09"]
[EventType "swiss"]
[EventRounds "9"]
[EventCountry "ESP"]
[SourceTitle "CBM 128 Extra"]
[Source "ChessBase"]
[SourceDate "2009.03.05"]
[SourceVersion "2"]
[SourceVersionDate "2009.03.25"]
[SourceQuality "1"]

1. e4 e5 2. Nf3 Nc6 3. Bb5 a6 4. Ba4 Nf6 5. 0-0 b5 6. Bb3 Be7 7. Re1 d6 8. c3 Na5 9. Bc2 Bg4 10. h3 Bxf3 11. Qxf3 c5 12. d3 0-0 13. Nd2 Re8 14. Nf1 Rc8 15. Ng3 g6 16. Bg5 Kh8 17. Rad1 Ng8 18. Bc1 Rf8 19. Qe2 Bg5 20. Bxg5 Qxg5 21. d4 Nf6 22. dxc5 dxc5 23. Rd6 Rc6 24. Red1 Rfc8 25. Rd8+ Rxd8 26. Rxd8+ Kg7 27. Qd1 Nb7 28. Rd2 Ne8 29. c4 Rd6 30. Rxd6 Nexd6 31. cxb5 axb5 32. a4 Qd8 33. Qd5 f6 34. axb5 Qa5 35. Bb3 Qd8 36. Ba2 Qe8 37. Ne2 Qf7 38. Nc3 Qxd5 39. Bxd5 Na5 40. b6 Ndb7 41. Kf1 Kf8 42. Ke2 Ke7 43. Nb5 Kd7 44. Kd3 h6 45. Kc3 f5 46. b4 cxb4+ 47. Kxb4 Nc6+ 48. Kc3 Nca5 49. Na3 Nd6 50. exf5 gxf5 51. Kb4 Ndb7 52. Nc4 Nc6+ 53. Bxc6+ Kxc6 54. Na5+ Kxb6 55. Nxb7 Kxb7 56. Kc5 e4 57. Kd5 Kc7 58. Ke5 Kc6 59. Kxf5 Kd5 60. g4 1-0